Postaw na milion 117 - Statystyki

Ogólne statystyki
  • Ten quiz został rozwiązany 12 razy
    5 od ostatniego zresetowania
  • Średni wynik to 9 z 13
Statystyki odpowiedzi
Zagadnienie Odpowiedź % Poprawnych
Pablo Picasso był: Hiszpanem
100%
PROPOLIS - co to jest? kit pszczeli
80%
Jaką trasę pokonał pierwszy polski pociąg Pendolino w ruchu rozkładowym? Kraków - Warszawa
80%
Które z tych wybitnych dzieł powstało najdawniej? Mona Lisa Leonarda da Vinci
80%
Najbogatsi ludzie świata najwięcej pieniędzy wydają na podróże i przyjmowanie gości. A co jest na drugim miejscu ich listy wydatków? samochody
80%
Które z tych województw ma najmniejszą gęstość zaludnienia? warmińsko-mazurskie
80%
Co to są wibrysy u ssaków? wąsy
80%
W mitologii greckiej bóg i uosobienie wiatru zachodniego nosi imię... Zefir
80%
"Nazywam się Milijon - bo za miliony kocham i cierpię katusze". Tak wypowiada się bohater: "Dziadów" Mickiewicza
60%
Które z tych państw znalazło się najwyżej w rankingu krajów cieszących się najlepszą opinią na świecie, ogłoszonym przez Reputation Institute? Norwegia
60%
Bohater filmu A.Wajdy "Człowiek z marmuru" nazywa się Mateusz Birkut. A co to jest "birkut"? ptak drapieżny
60%
Co nie jest nazwą obrzędu przesilenia letniego? topienie Marzanny
60%
Trzy z tych parków narodowych pozostają jeszcze w fazie projektów, a tylko jeden już istnieje. Który? Magurski
20%
Nie znaleziono quizów pasujących do podanych kryteriów
Rozkład punktacji
Procent ludzi z każdym wynikiem
Percentyl według liczby udzielonych odpowiedzi
Twoja historia wyników
Nie rozwiązałeś tego quizu od ostatniego zresetowania